000 00614nam a22002057a 4500
005 20140310181719.0
008 130228t xxu||||| |||| 00| 0 eng d
020 _a9812611339
050 _aDS 799.4
_b.B38 2010
100 _aBates, Chris
245 _aTaiwan :
_ba survival guide to customs and etiquette /
_cBates, Chris
260 _aSingapore :
_bMarshall Cavendish Editions,
_c2005.
300 _a292 p. :
_c21 cm.
_bill. col. ;
521 _aTOU
562 _e1
650 _aTaiwan--Guidebooks
650 _a 2. Taiwan--Social life and customs--Guidebooks
942 _2lcc
_cBK
_kFOR
999 _c1899
_d1899